The Army writer : a guide to military writing /

Bibliographic Details
Main Author: Klein, David, 1919-2001
Format: Book
Language:English
Published: Harrisburg, Pa. : Military Service Pub. Co., [1951]
Edition:3d ed.
Subjects:

MARC

Tag First Indicator Second Indicator Subfields
LEADER 00000cam a2200000 4500
001 in00000066279
005 20151008051852.0
008 740606s1951 pau 00000 eng u
010 |a  51005856  
035 |a (OCoLC)00909395 
035 |9 AAH0452AM 
040 |c MDY  |d TXA  |d UtOrBLW 
049 |a TXAM  |c [366747] 
050 0 |a UB163  |b .K52 1951 
092 |a 355.61  |b K64a, 1951 
100 1 |a Klein, David,  |d 1919-2001. 
245 1 4 |a The Army writer :  |b a guide to military writing /  |c Forward by Joseph I. Greene. 
250 |a 3d ed. 
264 1 |a Harrisburg, Pa. :  |b Military Service Pub. Co.,  |c [1951] 
300 |a 244 pages :  |b illustrations ;  |c 21 cm. 
336 |a text  |b txt  |2 rdacontent 
337 |a unmediated  |b n  |2 rdamedia 
338 |a volume  |b nc  |2 rdacarrier 
610 1 0 |a United States.  |b Army  |v Records and correspondence. 
650 0 |a Authorship. 
740 0 |a Military writing. 
999 |a MARS 
999 f f |s 7ac42c92-915c-3636-a59f-fd0c86036b36  |i c6cb970f-0cba-361a-8611-5e1aa5aaa384  |t 0 
952 f f |p ric  |a Texas A&M University  |b Rellis Campus  |c Joint Library Facility  |d Remote Storage  |t 0  |e UB163 .K52 1951  |h Library of Congress classification  |i unmediated -- volume  |m A14800805928 
998 f f |a UB163 .K52 1951  |t 0  |l Remote Storage